| 000 -ლიდერი |
| ფიქსირებული სიგრძის საკონტროლო ველი |
01309nam a2200241Ia 4500 |
| 001 - საკონტროლო ნომერი |
| საკონტროლო ველი |
20001 |
| 003 - საკონტროლო ნომრის იდენტიფიკატორი |
| საკონტროლო ველი |
GE_BSU |
| 005 - ბოლო ოპერაციის თარიღი და დრო |
| საკონტროლო ველი |
20250318173325.0 |
| 008 - ფიქსირებული სიგრძის მონაცემთა ელემენტები - ზოგადი ინფორმაცია |
| ფიქსირებული სიგრძის საკონტროლო ველი |
181216s1981||||ge |||||||||||||| ||geo|| |
| 040 ## - კატალოგიზაციის წყარო |
| Transcribing agency |
GE_BSU |
| 041 ## - ენის კოდი |
| Language code of text/sound track or separate title |
geo |
| 080 ## - უნივერსალური ათობითი კლასიფიკაციის ინდექსი |
| Universal Decimal Classification number |
821.134.2-31 ს-42 |
| 100 ## - მთავარი ჩანაწერი - პიროვნების სახელი |
| Personal name |
სერვანტეს, საავედრა მიგელ დე. |
| 9 (RLIN) |
12655 |
| 245 ## - ცნობა სათაურის შესახებ |
| Title |
მახვილგონიერი იდალგო დონ კიხოტ ლამანჩელი : 1 ნაწ |
| Remainder of title |
[რომანი]. წ. 1. / |
| Statement of responsibility, etc |
მიგელ დე სერვანტეს საავედრა ; [თარგმნა ნ. ავალიშვილმა ; რედ. წინასიტყვ. და შენიშვნები ნ. აგიაშვილისა]. |
| 264 ## - წარმოების, გამოცემის, დისტრიბუციის და სხვა ცნობები |
| გამოცემის, წარმოების, დისტრიბუციის... ადგილი |
თბილისი : |
| გამოცემის, წარმოების, დისტრიბუციის... სახელწოდება |
ნაკადული, |
| გამოცემის, წარმოების, დისტრიბუციის... თარიღი |
1985. |
| 300 ## - ფიზიკური აღწერა |
| Extent |
552 გვ. ; |
| Dimensions |
22 სმ. |
| 653 ## - INDEX TERM--UNCONTROLLED |
| Uncontrolled term |
მახვილგონიერი იდალგო დონ კიხოტ ლამანჩელი 1 ნაწ. |
| 653 ## - INDEX TERM--UNCONTROLLED |
| Uncontrolled term |
რომანი |
| 700 ## - ADDED ENTRY--PERSONAL NAME |
| Personal name |
ავალიშვილი, ნ. |
| Relator term |
მთარგმნელი |
| 9 (RLIN) |
5257 |
| 700 ## - ADDED ENTRY--PERSONAL NAME |
| Personal name |
აგიაშვილი, ნ. |
| Relator term |
რედაქტორი |
| 9 (RLIN) |
24612 |
| 942 ## - ADDED ENTRY ELEMENTS (KOHA) |
| Koha item type |
წიგნი |
| Source of classification or shelving scheme |
|